| 000 | 00562nam a2200157Ia 4500 | ||
|---|---|---|---|
| 008 | 210716s2009 xx 000 0 und d | ||
| 020 | _a9788126514410 | ||
| 041 | _aeng | ||
| 082 | _a658.4038 TURE | ||
| 100 | _aTurban, Efraim;Leidner, Dorothy;Mclean, Ephraim;Wetherbe, James. | ||
| 245 |
_aInformation technology for management: transforming organizations in the digital economy. _bTransforminf organizations in the digital economy. |
||
| 250 | _a6 | ||
| 260 |
_aNew delhi _bWiley India _c2009 |
||
| 300 | _axx,700 | ||
| 650 | _aManagement Information Systems | ||
| 999 |
_c203848 _d203848 |
||